00573nam a2200169Ia 4500008004100000041000800041082001600049100002400065245006200089260004200151300001100193365000700204650002500211906004100236999001900277952010700296210719s2005 xx 000 0 und d aeng a378.14 STAI aST ALOYSIUS COLLEGE aInternal Quality assurance cell (IQAC): report 2004-2005. aMangalorebSt. Aloysius Collegec2005 a35bPB cRs aSt. Aloysius College aInternal Quality Assurance Cell NAAC c213996d213996 001040708EducationaALbALd2006-01-23l0o378.14 STAIpD02605r2021-07-19 00:00:00w2021-07-19yDB